Statistics for 1940s Celebrities by Picture

Click here to take the quiz!

General Stats

  • This quiz has been taken 12,515 times
  • The average score is 12 of 20

Answer Stats

Answer % Correct
Louis Armstrong
87%
Mohandas Gandhi
82%
Clark Gable
77%
Winston Churchill
76%
Harry S Truman
72%
Charles de Gaulle
71%
Groucho Marx
68%
Eleanor Roosevelt
64%
Judy Garland
63%
Humphrey Bogart
61%
Fred Astaire
56%
Bob Hope
56%
Douglas MacArthur
53%
James Stewart
50%
Ingrid Bergman
44%
Carmen Miranda
41%
Lauren Bacall
39%
Jawaharlal Nehru
34%
Spencer Tracy
33%
Katharine Hepburn
31%

Score Distribution

Percentile by Number Answered

Percent of People with Each Score

Your Score History

You have not taken this quiz